Asterion - Falešná apokalypsa : modul pro Dračí doupě /

Další autoři: Buchta, Jiří, Čech, Vladislav, Makovský, Karel, 1973-, Kýbus, Roman
Jazyk: Čeština
Vydáno: Praha : Altar, 2003
Edice: Svět pro Dračí doupě
Témata:
Fyzický popis: 4 sv. v obalu (80, 43, 16, 24 s.) : il. ; 30 cm + 4 l. příl.
Knihy
Uloženo v:
LEADER 01653nam a2200397 aa4500
001 001301451
003 CZ BrMZK
005 20130627170611.0
007 ta
008 130612s2003 xr a e f 001 0 cze
020 |a 80-85979-42-X  |q (brož.) :  |c Kč 295.00 
040 |a BOA001  |b cze 
072 7 |a 793  |x Společenská zábava  |2 Konspekt  |9 20 
080 |a 82:793.7  |2 MRF 
080 |a 794.021  |2 MRF 
080 |a (035)  |2 MRF 
245 0 0 |a Asterion - Falešná apokalypsa :  |b modul pro Dračí doupě /  |c [Jiří Buchta, Vladislav Čech, Karel Makovský ... et al. ; ilustrace Roman Kýbus] 
246 3 0 |a Falešná apokalypsa 
246 3 |a Dračí doupě 
260 |a Praha :  |b Altar,  |c 2003 
300 |a 4 sv. v obalu (80, 43, 16, 24 s.) :  |b il. ;  |c 30 cm +  |e 4 l. příl. 
490 1 |a Svět pro Dračí doupě 
500 |a Obsahuje rejstřík 
505 0 0 |t Asterion - modul Falešná apokalypsa  |t Asterion - dobrodružství Čarodějův učeň --  |t Asterion - Klíč bytostí astrálních - pomocníci magiků --  |t Asterion - Falešná apokalypsa, aplikace pravidel Dračího doupěte verze 1.6 
650 0 7 |a fantasy hry  |7 ph187559  |2 czenas 
650 0 7 |a pravidla her  |7 ph184246  |2 czenas 
655 7 |a příručky  |7 fd133209  |2 czenas 
700 1 |a Buchta, Jiří  |7 jx20060125011  |4 aut 
700 1 |a Čech, Vladislav  |7 mzk2009544857  |4 aut 
700 1 |a Makovský, Karel,  |d 1973-  |7 xx0084950  |4 aut 
700 1 |a Kýbus, Roman  |7 xx0069505  |4 ill 
830 0 |a Svět pro Dračí doupě 
910 |a BOA001  |b 4-1303.681 
990 |a BK 
991 |b 201306  |e n 
996 6 |b 2610553395  |c 4-1303.681  |l MZK  |r Sklad / do 1 hodiny  |n 1  |p p.v.  |w 001337611  |u 000010  |a 1  |e BOA001  |j MZK50  |s P